| 000 | 00836nam a22002417a 4500 | ||
|---|---|---|---|
| 005 | 20211027095603.0 | ||
| 008 | 211027b sp ||||| |||| 00| 0 spa d | ||
| 020 | _a9788471125255 | ||
| 050 | 0 | 4 |
_aHV1568 _bB37 2008 |
| 100 | 1 | _aBarton, Len | |
| 240 | 1 | 0 |
_aOvercoming disabling barriers _lespañol |
| 245 | 1 | 0 |
_aSuperar las barreras de la discapacidad _b : 18 años de disability and society _c / por Len Barton ; traducción de Redactores en red |
| 250 | _a1a ed. | ||
| 260 |
_aMadrid : _bEdiciones Morata, _c2008 |
||
| 300 |
_a411 p. ; _c24 cm. |
||
| 440 | _a | ||
| 490 | 0 | _aSociología Manuales | |
| 504 | _aIncluye bibliografía e índice | ||
| 650 | 7 |
_2lemb _aPersonas con discapacidad |
|
| 650 | 7 |
_2lemb _aPersonas con discapacidad _xPolítica gubernamental |
|
| 710 | 1 |
_aRedactores en Red _etraductor |
|
| 942 |
_2lcc _cLIB |
||
| 999 |
_c137789 _d137787 |
||